[Event "Nichelino Berruto Memorial 19th"]
[Site "Nichelino"]
[Date "2016.03.04"]
[Round "4"]
[White "Liviabella, Lucio"]
[Black "Blundo, Michele"]
[Result "0-1"]
[WhiteElo "1581"]
[BlackElo "1693"]
[PlyCount "146"]
[EventDate "2016.02.12"]
[EventType "swiss"]
[EventRounds "6"]
[EventCountry "ITA"]
[SourceTitle "EXT 2018"]
[Source "ChessBase"]
[SourceDate "2017.10.13"]
[SourceVersion "1"]
[SourceVersionDate "2017.10.13"]
[SourceQuality "1"]

1. e4 c5 2. Nf3 d6 3. d4 cxd4 4. Nxd4 a6 5. Nc3 e6 6. Be2 Nf6 7. 0-0 Be7 8. Bg5 0-0 9. Nf3 Nbd7 10. a3 Qc7 11. Bh4 b5 12. Bg3 Rd8 13. Qc1 Bb7 14. Bd3 Ne5 15. Nxe5 dxe5 16. Kh1 Nh5 17. Qd1 Nf4 18. Bxf4 exf4 19. Qg4 Qe5 20. g3 Bd6 21. Rae1 Qf6 22. f3 Be5 23. gxf4 Qxf4 24. Qg2 Qh6 25. Re2 Qf4 26. Rg1 g6 27. Qg4 h5 28. Qxh5 Kg7 29. Qg4 Rh8 30. Qxf4 Bxf4 31. Nd1 Rh5 32. Rg4 e5 33. Ne3 Kf6 34. Nf1 Rah8 35. Rgg2 g5 36. Ng3 Rh3 37. Nf5 Rxf3 38. Ref2 Rxf2 39. Rxf2 g4 40. Kg1 Rh3 41. b4 Kg5 42. Bf1 Rxa3 43. Bd3 Ra1+ 44. Kg2 Re1 45. Nd6 f5 46. Nxb7 fxe4 47. Re2 exd3 48. Rxe1 dxc2 49. Nc5 c1Q 50. Rxc1 Bxc1 51. Nxa6 Kf4 52. Kf2 e4 53. Ke2 Bb2 54. Nc7 Ba3 55. Na6 Ke5 56. Ke3 Bc1+ 57. Ke2 Kd4 58. Kd1 Bf4 59. Nc5 Bxh2 60. Ne6+ Kd3 61. Nc5+ Kd4 62. Ke2 Kc4 63. Nxe4 Kxb4 64. Nd2 Bf4 65. Ne4 Kc4 66. Kd1 b4 67. Kc2 g3 68. Nxg3 Bxg3 69. Kb2 Be5+ 70. Kc2 b3+ 71. Kb1 Kd3 72. Kc1 b2+ 73. Kb1 Kd2 0-1

[Event "Nichelino Berruto Memorial 19th"]
[Site "Nichelino"]
[Date "2016.02.22"]
[Round "3"]
[White "Blundo, Michele"]
[Black "Ferrario, Enrico"]
[Result "0-1"]
[WhiteElo "1693"]
[BlackElo "1819"]
[PlyCount "74"]
[EventDate "2016.02.12"]
[EventType "swiss"]
[EventRounds "6"]
[EventCountry "ITA"]
[SourceTitle "EXT 2018"]
[Source "ChessBase"]
[SourceDate "2017.10.13"]
[SourceVersion "1"]
[SourceVersionDate "2017.10.13"]
[SourceQuality "1"]

1. d4 Nf6 2. c4 Nc6 3. Nf3 d6 4. Nc3 g6 5. e4 Bg7 6. d5 Nb8 7. Be2 0-0 8. h3 c5 9. Be3 Nbd7 10. Qd2 Re8 11. Bh6 Bh8 12. 0-0 Nf8 13. Ng5 Qb6 14. f4 N6d7 15. Nf3 f5 16. Bd3 fxe4 17. Bxe4 Nf6 18. Bd3 e6 19. Rae1 Bd7 20. Ng5 exd5 21. Kh1 d4 22. Nce4 Nxe4 23. Bxe4 Bc6 24. Bxf8 Rxf8 25. Bxc6 Qxc6 26. Re7 Bf6 27. Qe2 Bxg5 28. fxg5 Rxf1+ 29. Qxf1 Rf8 30. Qe2 Qc8 31. Qe6+ Qxe6 32. Rxe6 Rd8 33. Kg1 d5 34. Kf1 dxc4 35. Ke2 Kf7 36. Rf6+ Ke7 37. Kd2 Rf8 0-1

[Event "Torino Martedi-B 3rd"]
[Site "Torino"]
[Date "2013.10.29"]
[Round "7"]
[White "Gussone, Claudio"]
[Black "Blundo, Michele"]
[Result "1-0"]
[WhiteElo "1763"]
[BlackElo "1688"]
[PlyCount "73"]
[EventDate "2013.09.17"]
[EventType "tourn"]
[EventRounds "7"]
[EventCountry "ITA"]
[SourceTitle "EXT 2015"]
[Source "ChessBase"]
[SourceDate "2014.11.20"]
[SourceVersion "1"]
[SourceVersionDate "2014.11.20"]
[SourceQuality "1"]

1. Nf3 Nf6 2. g3 e6 3. c4 d5 4. Bg2 c6 5. d4 Be7 6. 0-0 0-0 7. cxd5 exd5 8. Nc3 Re8 9. a3 Nbd7 10. b4 Bf8 11. b5 cxb5 12. Nxb5 a6 13. Nc3 b5 14. Bf4 Bb7 15. e3 Rc8 16. Qb3 Nb6 17. Bh3 Ra8 18. Ra2 Nc4 19. a4 b4 20. Nb1 a5 21. Nfd2 Nh5 22. Nxc4 dxc4 23. Qxc4 Nxf4 24. gxf4 Bd5 25. Qe2 Bxa2 26. Qxa2 Ra6 27. Rc1 Qa8 28. d5 Rg6+ 29. Bg2 Rc8 30. Re1 Qa6 31. Nd2 Qd3 32. Nf3 Rc2 33. Qb1 Qc3 34. Nd4 Rb2 35. Qa1 Qd2 36. Re2 Ra2 37. Qf1 1-0

[Event "Monte Sabotino op"]
[Site "Torino"]
[Date "2012.11.27"]
[Round "4"]
[White "Martini, Giorgio"]
[Black "Blundo, Michele"]
[Result "1-0"]
[WhiteElo "1728"]
[BlackElo "1705"]
[PlyCount "75"]
[EventDate "2012.11.06"]
[EventType "swiss"]
[EventRounds "7"]
[EventCountry "ITA"]
[SourceTitle "EXT 2015"]
[Source "ChessBase"]
[SourceDate "2014.11.20"]
[SourceVersion "1"]
[SourceVersionDate "2014.11.20"]
[SourceQuality "1"]

1. d4 d5 2. c4 c6 3. Nf3 Nf6 4. Nc3 e6 5. Bg5 Be7 6. e3 Nbd7 7. Bd3 0-0 8. 0-0 Re8 9. Qc2 a6 10. Bf4 dxc4 11. Bxc4 Nd5 12. Bxd5 exd5 13. Nxd5 Bd6 14. Bxd6 cxd5 15. Rac1 Qf6 16. Bf4 h6 17. Qb3 Qe6 18. Be5 f6 19. Bg3 Kh8 20. Rc7 Nb6 21. Nd2 a5 22. Rfc1 Ra6 23. Qd3 Na8 24. R7c5 Nb6 25. Qg6 f5 26. Qxe6 Bxe6 27. Rc7 Rc8 28. Be5 Rxc7 29. Rxc7 Nd7 30. Rxb7 Nxe5 31. dxe5 Rc6 32. Kf1 g5 33. Nb3 d4 34. Nxd4 Rc1+ 35. Ke2 Bxa2 36. b3 Rb1 37. e6 Kg8 38. Rb8+ 1-0

[Event "Torino Province-ch"]
[Site "Torino"]
[Date "2012.03.13"]
[Round "4"]
[White "Tondo, Stefano"]
[Black "Blundo, Michele"]
[Result "1-0"]
[WhiteElo "1752"]
[BlackElo "1685"]
[PlyCount "91"]
[EventDate "2012.02.21"]
[EventType "swiss"]
[EventRounds "7"]
[EventCountry "ITA"]
[SourceTitle "EXT 2015"]
[Source "ChessBase"]
[SourceDate "2014.11.20"]
[SourceVersion "1"]
[SourceVersionDate "2014.11.20"]
[SourceQuality "1"]

1. e4 c5 2. Nf3 d6 3. d4 cxd4 4. Qxd4 Nc6 5. Bb5 Bd7 6. Bxc6 Bxc6 7. Nc3 e6 8. Bg5 Qc7 9. 0-0-0 Rc8 10. Kb1 b5 11. Rd2 e5 12. Qd3 f6 13. Be3 Nh6 14. Nxb5 Bxb5 15. Qxb5+ Qc6 16. Qxc6+ Rxc6 17. Bxa7 Be7 18. Nh4 g6 19. Be3 Nf7 20. Nf3 0-0 21. h4 Rc4 22. h5 Rxe4 23. hxg6 hxg6 24. Rdd1 f5 25. Rh3 f4 26. Bc1 Bf6 27. b3 Rd8 28. c4 Ng5 29. Nxg5 Bxg5 30. Rhd3 Be7 31. c5 Rd4 32. Rxd4 exd4 33. Rxd4 dxc5 34. Rxd8+ Bxd8 35. Bxf4 Kf7 36. Kc2 Ke6 37. Kd3 Kd5 38. a4 Ba5 39. Bh6 Bb4 40. g4 Be1 41. Be3 Bb4 42. f4 Ba5 43. f5 gxf5 44. gxf5 Bd8 45. Bf4 Bh4 46. f6 1-0

[Event "Torino op 37th"]
[Site "Torino"]
[Date "2011.10.30"]
[Round "3"]
[White "Matta, Francesca"]
[Black "Blundo, Michele"]
[Result "1-0"]
[WhiteElo "1887"]
[BlackElo "1712"]
[PlyCount "71"]
[EventDate "2011.10.29"]
[EventType "swiss"]
[EventRounds "6"]
[EventCountry "ITA"]
[SourceTitle "EXT 2018"]
[Source "ChessBase"]
[SourceDate "2017.10.13"]
[SourceVersion "1"]
[SourceVersionDate "2017.10.13"]
[SourceQuality "1"]

1. d4 d5 2. c4 c6 3. Nf3 Nf6 4. Nc3 e6 5. e3 Be7 6. Bd3 Nbd7 7. cxd5 Nxd5 8. a3 0-0 9. 0-0 Re8 10. e4 Nxc3 11. bxc3 Qc7 12. Be3 b6 13. e5 Bb7 14. Ng5 Bxg5 15. Bxg5 c5 16. Qg4 g6 17. Qh4 h5 18. Rfe1 Kg7 19. Qf4 Kg8 20. Bb5 Bc6 21. Bxc6 Qxc6 22. Re3 Qc7 23. Rf3 Nf8 24. Bf6 Kh7 25. Qh4 Nd7 26. g4 Nxf6 27. exf6 Kh6 28. Re1 cxd4 29. cxd4 Rad8 30. Re5 Rd5 31. Rfe3 Qc6 32. f3 Red8 33. gxh5 Rxd4 34. Qg5+ Kh7 35. hxg6+ Kg8 36. gxf7+ 1-0

[Event "Torino 150 Italy Unity op B"]
[Site "Torino"]
[Date "2011.06.05"]
[Round "9"]
[White "Banchio, Davide"]
[Black "Blundo, Michele"]
[Result "1-0"]
[WhiteElo "1976"]
[BlackElo "1728"]
[PlyCount "59"]
[EventDate "2011.05.31"]
[EventType "swiss"]
[EventRounds "9"]
[EventCountry "ITA"]
[SourceTitle "EXT 2024"]
[Source "ChessBase"]
[SourceDate "2023.10.10"]
[SourceVersion "1"]
[SourceVersionDate "2023.10.10"]
[SourceQuality "1"]

1. e4 c5 2. Nf3 d6 3. d4 cxd4 4. Nxd4 Nf6 5. Nc3 a6 6. Bc4 e6 7. Bb3 Be7 8. Be3 Bd7 9. Qe2 Nc6 10. 0-0-0 Na5 11. g4 h6 12. h4 Rc8 13. g5 Rxc3 14. gxf6 Rxe3 15. fxe7 Nxb3+ 16. axb3 Rxe2 17. exd8Q+ Kxd8 18. Nxe2 Ke7 19. Rd2 Rd8 20. h5 Bc6 21. f3 e5 22. Nc3 f5 23. Rg1 Rg8 24. Rg6 fxe4 25. fxe4 Be8 26. Nd5+ Kf8 27. Rf2+ Bf7 28. Rxd6 Ke8 29. Rf5 Bxd5 30. Rxd5 1-0

[Event "Torino 150 Italy Unity op B"]
[Site "Torino"]
[Date "2011.06.03"]
[Round "5"]
[White "Blundo, Michele"]
[Black "Iacomussi, Mario"]
[Result "1-0"]
[WhiteElo "1728"]
[BlackElo "1755"]
[PlyCount "77"]
[EventDate "2011.05.31"]
[EventType "swiss"]
[EventRounds "9"]
[EventCountry "ITA"]
[SourceTitle "EXT 2024"]
[Source "ChessBase"]
[SourceDate "2023.10.10"]
[SourceVersion "1"]
[SourceVersionDate "2023.10.10"]
[SourceQuality "1"]

1. d4 Nf6 2. c4 g6 3. Nc3 d5 4. Nf3 Bg7 5. e3 0-0 6. Be2 Na6 7. a3 c6 8. 0-0 Nc7 9. Re1 Bg4 10. b3 Rc8 11. Bb2 a6 12. Rc1 Ne6 13. h3 Bxf3 14. Bxf3 Ng5 15. cxd5 cxd5 16. Be2 b5 17. f3 Nh5 18. f4 Nxh3+ 19. gxh3 Ng3 20. Bd3 f5 21. Kh2 Nh5 22. Rg1 e6 23. Qe1 Qd6 24. Qf2 Bh6 25. Ne2 Nf6 26. b4 g5 27. Rc5 Kf7 28. Rgc1 Rxc5 29. dxc5 Qc6 30. Be5 Nd7 31. Nd4 Qc8 32. Nf3 Rg8 33. fxg5 Bxg5 34. Bf4 h6 35. Rg1 Qd8 36. Ne5+ Nxe5 37. Bxe5 Qe7 38. Qf3 Ke8 39. h4 1-0

[Event "Torino 150 Italy Unity op B"]
[Site "Torino"]
[Date "2011.06.02"]
[Round "3"]
[White "Blundo, Michele"]
[Black "Cacinschi, Alexandru"]
[Result "0-1"]
[WhiteElo "1728"]
[BlackElo "1974"]
[PlyCount "48"]
[EventDate "2011.05.31"]
[EventType "swiss"]
[EventRounds "9"]
[EventCountry "ITA"]
[SourceTitle "EXT 2024"]
[Source "ChessBase"]
[SourceDate "2023.10.10"]
[SourceVersion "1"]
[SourceVersionDate "2023.10.10"]
[SourceQuality "1"]

1. d4 d5 2. c4 c6 3. Nc3 Nf6 4. cxd5 cxd5 5. Nf3 Nc6 6. e3 Bf5 7. a3 e6 8. Be2 Bd6 9. h3 h6 10. b4 0-0 11. Bb2 Rc8 12. Nd2 Re8 13. g4 Bg6 14. h4 e5 15. Nb5 Bb8 16. g5 Nd7 17. gxh6 a6 18. h5 Bh7 19. hxg7 axb5 20. Bxb5 exd4 21. Bxc6 dxe3 22. Nf3 Rxc6 23. Qxd5 exf2+ 24. Kxf2 Rc2+ 0-1

[Event "Torino 150 Italy Unity op B"]
[Site "Torino"]
[Date "2011.06.02"]
[Round "4"]
[White "Casarin, Renato"]
[Black "Blundo, Michele"]
[Result "0-1"]
[WhiteElo "1587"]
[BlackElo "1728"]
[PlyCount "56"]
[EventDate "2011.05.31"]
[EventType "swiss"]
[EventRounds "9"]
[EventCountry "ITA"]
[SourceTitle "EXT 2024"]
[Source "ChessBase"]
[SourceDate "2023.10.10"]
[SourceVersion "1"]
[SourceVersionDate "2023.10.10"]
[SourceQuality "1"]

1. d4 d5 2. c4 c6 3. Nf3 Nf6 4. Bg5 e6 5. e3 Be7 6. Nc3 Nbd7 7. cxd5 exd5 8. Bd3 h6 9. Bh4 0-0 10. Qc2 Re8 11. 0-0 Ne4 12. Bxe7 Qxe7 13. Nd2 Ndf6 14. Ncxe4 dxe4 15. Be2 Nd5 16. Kh1 f5 17. Bh5 Rf8 18. Rae1 Nb4 19. Qb1 Nd3 20. Rd1 Qh4 21. Nxe4 fxe4 22. Rxd3 exd3 23. Bg6 d2 24. g3 Qg4 25. f4 Qe2 26. Qd3 Bg4 27. Qb3+ Kh8 28. Bd3 Bf3+ 0-1

[Event "Nichelino op 11th"]
[Site "Nichelino"]
[Date "2010.09.30"]
[Round "1"]
[White "Blundo, Michele"]
[Black "Manni, Stefano"]
[Result "0-1"]
[WhiteElo "1743"]
[BlackElo "2005"]
[PlyCount "38"]
[EventDate "2010.09.30"]
[EventType "swiss"]
[EventRounds "6"]
[EventCountry "ITA"]
[SourceTitle "EXT 2024"]
[Source "ChessBase"]
[SourceDate "2023.10.10"]
[SourceVersion "1"]
[SourceVersionDate "2023.10.10"]
[SourceQuality "1"]

1. d4 d5 2. Nf3 Nf6 3. Bf4 c5 4. c3 Qb6 5. Qc2 Nc6 6. dxc5 Qxc5 7. Nbd2 g6 8. e3 Bf5 9. Bd3 Bxd3 10. Qxd3 Bg7 11. 0-0 0-0 12. Rab1 Nh5 13. Rfc1 e5 14. b4 Qb6 15. Bxe5 Nxe5 16. Qxd5 Rfd8 17. Qe4 Nd3 18. Nc4 Qa6 19. Rc2 f5 0-1

[Event "Torino Alfieri op-B"]
[Site "Torino"]
[Date "2010.05.11"]
[Round "2"]
[White "Blundo, Michele"]
[Black "Femia, Nicola"]
[Result "0-1"]
[WhiteElo "1762"]
[BlackElo "1833"]
[PlyCount "126"]
[EventDate "2010.05.04"]
[EventType "tourn"]
[EventRounds "7"]
[EventCountry "ITA"]
[SourceTitle "EXT 2024"]
[Source "ChessBase"]
[SourceDate "2023.10.10"]
[SourceVersion "1"]
[SourceVersionDate "2023.10.10"]
[SourceQuality "1"]

1. d4 d5 2. Nf3 Nf6 3. Bf4 e6 4. e3 c5 5. c4 Be7 6. Nc3 a6 7. Be2 dxc4 8. dxc5 Qxd1+ 9. Rxd1 Bxc5 10. Bxc4 0-0 11. 0-0 b5 12. Be2 Bb7 13. Bd6 Bxd6 14. Rxd6 Nc6 15. a3 Rfd8 16. Rfd1 Rxd6 17. Rxd6 Kf8 18. h3 Ke7 19. Rd1 h6 20. e4 Rd8 21. Rxd8 Kxd8 22. b4 Ke7 23. Kf1 Kd6 24. Bd3 Ne5 25. Ke2 Nxf3 26. gxf3 Ke5 27. Ke3 g5 28. a4 Bc6 29. axb5 axb5 30. Bxb5 Bxb5 31. Nxb5 Nh5 32. Nd4 Nf4 33. b5 Kd6 34. b6 Nxh3 35. Nb5+ Kc6 36. b7 Kxb7 37. Nd6+ Kc6 38. Nxf7 h5 39. Kd4 h4 40. Ne5+ Kd6 41. Ng4 Nf4 42. e5+ Ke7 43. Ke4 h3 44. Nh2 Kd7 45. Ng4 Kc6 46. Kd4 Kb5 47. Kc3 Kc5 48. Nh2 Kd5 49. Ng4 Ng6 50. Nh2 Kxe5 51. Kd3 Kf4 52. Ke2 Ne5 53. Nf1 Nxf3 54. Ng3 g4 55. Nh1 Nd4+ 56. Kf1 Nf5 57. Kg1 Kf3 58. Kh2 e5 59. Kg1 e4 60. Kh2 Ke2 61. Kg1 Ke1 62. Kh2 Kf1 63. Ng3+ Kxf2 0-1

[Event "Torino Province-ch"]
[Site "Torino"]
[Date "2010.03.23"]
[Round "7"]
[White "Blundo, Michele"]
[Black "Liviabella, Lucio"]
[Result "0-1"]
[WhiteElo "1763"]
[BlackElo "1716"]
[PlyCount "126"]
[EventDate "2010.02.09"]
[EventType "swiss"]
[EventRounds "7"]
[EventCountry "ITA"]
[SourceTitle "EXT 2024"]
[Source "ChessBase"]
[SourceDate "2023.10.10"]
[SourceVersion "1"]
[SourceVersionDate "2023.10.10"]
[SourceQuality "1"]

1. d4 Nf6 2. c4 d6 3. Nc3 g6 4. Nf3 Bg7 5. e3 0-0 6. Be2 Nbd7 7. 0-0 c5 8. Re1 cxd4 9. exd4 b6 10. a4 Bb7 11. Ra3 Rc8 12. d5 Ba6 13. Nb5 Bxb5 14. axb5 Rc7 15. Nd4 Nb8 16. Bf1 Qc8 17. h3 Re8 18. b4 e5 19. dxe6 fxe6 20. Nf3 Rd7 21. Ng5 e5 22. Ne4 Nxe4 23. Qd5+ Rf7 24. Rxa7 Qf5 25. Qxf7+ Qxf7 26. Rxf7 Kxf7 27. Rxe4 Nd7 28. Re1 Bf6 29. Be3 Ra8 30. g3 Ra4 31. Rb1 e4 32. c5 dxc5 33. bxc5 bxc5 34. b6 Be5 35. Bb5 Nxb6 36. Bxa4 Nxa4 37. Rb7+ Ke6 38. Ra7 Nb2 39. Bxc5 Nd3 40. Be3 h5 41. Kf1 Kf5 42. Ke2 Bd6 43. f4 Bb4 44. Ra6 Bc3 45. g4+ hxg4 46. hxg4+ Kxg4 47. Rxg6+ Kf5 48. Rg5+ Kf6 49. Rb5 Bb2 50. Kd1 Ba3 51. Kc2 Ne1+ 52. Kc3 Nd3 53. Kd4 Nb2 54. Kxe4 Nc4 55. Bd4+ Kf7 56. Rb7+ Ke8 57. Kd5 Nd6 58. Rh7 Nf5 59. Be5 Ne7+ 60. Ke6 Ng6 61. f5 Nf8+ 62. Kf6 Nxh7+ 63. Kg7 Ng5 0-1

[Event "Torino Province-ch"]
[Site "Torino"]
[Date "2010.03.09"]
[Round "5"]
[White "Blundo, Michele"]
[Black "Zanatta, Aldo"]
[Result "0-1"]
[WhiteElo "1763"]
[BlackElo "1625"]
[PlyCount "52"]
[EventDate "2010.02.09"]
[EventType "swiss"]
[EventRounds "7"]
[EventCountry "ITA"]
[SourceTitle "EXT 2024"]
[Source "ChessBase"]
[SourceDate "2023.10.10"]
[SourceVersion "1"]
[SourceVersionDate "2023.10.10"]
[SourceQuality "1"]

1. d4 d5 2. c4 e6 3. Nc3 c6 4. cxd5 cxd5 5. e3 Nf6 6. Bd3 Nc6 7. a3 a6 8. Nf3 Bd6 9. 0-0 0-0 10. e4 dxe4 11. Nxe4 Nxe4 12. Bxe4 f5 13. Bb1 b5 14. Ba2 Na5 15. Re1 Qf6 16. Bg5 Qg6 17. Qe2 Re8 18. Bd2 Nc4 19. Bc3 Bb7 20. Rad1 Bd5 21. Bxc4 Bxc4 22. Qe3 Bd5 23. g3 f4 24. Ne5 fxe3 25. Nxg6 exf2+ 26. Kxf2 hxg6 0-1

[Event "Turin Piemonte op 9th"]
[Site "Turin"]
[Date "2009.09.19"]
[Round "2"]
[White "Blundo, Michele"]
[Black "De Renzi, Giuseppe"]
[Result "0-1"]
[WhiteElo "1810"]
[BlackElo "1491"]
[PlyCount "43"]
[EventDate "2009.09.18"]
[EventType "swiss"]
[EventRounds "5"]
[EventCountry "ITA"]
[SourceTitle "EXT 2012"]
[Source "ChessBase"]
[SourceDate "2011.11.24"]
[SourceVersion "1"]
[SourceVersionDate "2011.11.24"]
[SourceQuality "1"]

1. d4 Nf6 2. c4 g6 3. Nc3 Bg7 4. Nf3 d6 5. e3 0-0 6. Be2 c5 7. 0-0 e6 8. Re1 Qc7 9. a4 Nc6 10. d5 Nb4 11. e4 Ng4 12. h3 Ne5 13. Nxe5 Bxe5 14. Be3 f5 15. f4 Bg7 16. g4 fxe4 17. Qd2 Bd4 18. Bxd4 cxd4 19. Nxe4 Qb6 20. Bd3 Nxd3 21. Qxd3 Rxf4 22. Ng5 0-1

[Event "Turin Piemonte op 9th"]
[Site "Turin"]
[Date "2009.09.18"]
[Round "1"]
[White "Castaldo, Folco"]
[Black "Blundo, Michele"]
[Result "1-0"]
[WhiteElo "2401"]
[BlackElo "1810"]
[PlyCount "67"]
[EventDate "2009.09.18"]
[EventType "swiss"]
[EventRounds "5"]
[EventCountry "ITA"]
[SourceTitle "EXT 2012"]
[Source "ChessBase"]
[SourceDate "2011.11.24"]
[SourceVersion "1"]
[SourceVersionDate "2011.11.24"]
[SourceQuality "1"]

1. e4 c5 2. f4 d6 3. Nf3 Nc6 4. Nc3 e6 5. Bb5 Bd7 6. 0-0 Be7 7. d3 a6 8. Bxc6 Bxc6 9. Ng5 Bxg5 10. fxg5 Ne7 11. Qh5 Ng6 12. Be3 Qd7 13. a3 b6 14. Rf2 d5 15. d4 c4 16. e5 0-0-0 17. Raf1 Rdf8 18. b3 b5 19. Ne2 Qe7 20. a4 b4 21. Qg4 c3 22. Nc1 Qc7 23. Nd3 a5 24. Nc5 Qe7 25. h4 h5 26. gxh6 gxh6 27. h5 Nh4 28. Qe2 Nf5 29. Rxf5 exf5 30. Rxf5 Rfg8 31. Rf6 Qc7 32. Qa6+ Bb7 33. Nxb7 Qxb7 34. Rc6+ 1-0

[Event "Asti Alfieri Memorial 3rd"]
[Site "Asti"]
[Date "2008.03.27"]
[Round "1"]
[White "Astengo, Marcello"]
[Black "Blundo, Michele"]
[Result "1-0"]
[WhiteElo "2039"]
[BlackElo "1897"]
[PlyCount "87"]
[EventDate "2008.03.27"]
[EventType "swiss"]
[EventRounds "6"]
[EventCountry "ITA"]
[SourceTitle "EXT 2011"]
[Source "ChessBase"]
[SourceDate "2010.11.26"]
[SourceVersion "1"]
[SourceVersionDate "2010.11.26"]
[SourceQuality "1"]

1. d4 d5 2. c4 e6 3. Nc3 c6 4. e3 Nf6 5. Nf3 a6 6. Bd3 Bb4 7. Qb3 Bd6 8. Qc2 Nbd7 9. 0-0 0-0 10. b3 Re8 11. Bb2 e5 12. cxd5 cxd5 13. dxe5 Nxe5 14. Nxe5 Bxe5 15. h3 Be6 16. Rad1 Rc8 17. Qd2 Qa5 18. Rc1 b5 19. f4 Bb8 20. Bb1 Ba7 21. Qd3 g6 22. Kh1 Bf5 23. e4 dxe4 24. Qd6 Qb6 25. Nxb5 Rxc1 26. Rxc1 Nh5 27. Qxb6 Bxb6 28. Nd6 Rd8 29. Nxe4 Bxe4 30. Bxe4 Ng3+ 31. Kh2 Nxe4 32. Rc6 Be3 33. Be5 f5 34. Rxa6 Rd1 35. h4 Bf2 36. g4 Rd2 37. gxf5 gxf5 38. Kh3 Rd3+ 39. Kg2 Bxh4 40. Ra7 Bf6 41. Bxf6 Nxf6 42. b4 Nd5 43. b5 Nb6 44. a4 1-0

[Event "Turin FreeTUR op"]
[Site "Turin"]
[Date "2007.11.27"]
[Round "4"]
[White "Blundo, Michele"]
[Black "Pizzul, Aleksandar"]
[Result "0-1"]
[WhiteElo "1896"]
[BlackElo "1449"]
[PlyCount "83"]
[EventDate "2007.11.06"]
[EventType "swiss"]
[EventRounds "6"]
[EventCountry "ITA"]
[SourceTitle "EXT 2010"]
[Source "ChessBase"]
[SourceDate "2010.11.25"]
[SourceVersion "1"]
[SourceVersionDate "2010.11.25"]
[SourceQuality "1"]

1. d4 d5 2. c4 e6 3. Nc3 Nf6 4. Bg5 Be7 5. Nf3 Nbd7 6. cxd5 exd5 7. e3 c6 8. Bd3 0-0 9. 0-0 Nb6 10. Bxf6 Bxf6 11. Nd2 Be6 12. Rc1 g6 13. Re1 Bg7 14. Bb1 f5 15. Nf3 Nc4 16. Qe2 Nd6 17. b4 Ne4 18. a4 g5 19. Ba2 Bf7 20. Nd2 Re8 21. b5 Qf6 22. Ncxe4 fxe4 23. bxc6 bxc6 24. Qa6 Rec8 25. Rb1 c5 26. Qxf6 Bxf6 27. Rb5 c4 28. Bxc4 dxc4 29. Nxe4 Kg7 30. Nc3 Rab8 31. Reb1 Rxb5 32. Rxb5 Rc7 33. a5 Be8 34. Rb8 Bf7 35. a6 Rc6 36. h3 Rxa6 37. Rb7 Ra1+ 38. Kh2 a5 39. Nb5 Rb1 40. Rxf7+ Kxf7 41. Nd6+ Ke6 42. Nxc4 0-1

[Event "Savigliano 6th"]
[Site "Savigliano"]
[Date "2007.06.02"]
[Round "4"]
[White "Blundo, Michele"]
[Black "Cordara, Michele"]
[Result "0-1"]
[WhiteElo "1742"]
[BlackElo "2152"]
[PlyCount "48"]
[EventDate "2007.05.31"]
[EventType "swiss"]
[EventRounds "6"]
[EventCountry "ITA"]
[SourceTitle "EXT 2009"]
[Source "ChessBase"]
[SourceDate "2008.11.26"]
[SourceVersion "1"]
[SourceVersionDate "2008.11.26"]
[SourceQuality "1"]

1. d4 Nf6 2. c4 e5 3. d5 Bc5 4. Nc3 d6 5. e3 0-0 6. g3 Bg4 7. Qb3 Nbd7 8. Bg2 a5 9. Bd2 Nb6 10. a4 Nfd7 11. Ne4 f5 12. Nc3 Bb4 13. Nce2 Nc5 14. Qc2 f4 15. f3 Bxd2+ 16. Kxd2 fxe3+ 17. Ke1 Bf5 18. Qc3 Nd3+ 19. Kf1 Nf2 20. Qxe3 Nxh1 21. Bxh1 Nxc4 22. Qc3 Nb6 23. f4 exf4 24. Nxf4 g5 0-1

[Event "Savigliano 6th"]
[Site "Savigliano"]
[Date "2007.06.01"]
[Round "2"]
[White "Blundo, Michele"]
[Black "Angioni, Gian Carlo"]
[Result "1-0"]
[WhiteElo "1742"]
[BlackElo "1805"]
[PlyCount "61"]
[EventDate "2007.05.31"]
[EventType "swiss"]
[EventRounds "6"]
[EventCountry "ITA"]
[SourceTitle "EXT 2009"]
[Source "ChessBase"]
[SourceDate "2008.11.26"]
[SourceVersion "1"]
[SourceVersionDate "2008.11.26"]
[SourceQuality "1"]

1. d4 Nf6 2. c4 Nc6 3. Nf3 e6 4. e3 Bb4+ 5. Bd2 Qe7 6. a3 Bxd2+ 7. Nbxd2 a5 8. g3 b6 9. Bg2 Bb7 10. 0-0 d6 11. Rc1 Nd8 12. Re1 c5 13. e4 0-0 14. e5 dxe5 15. dxe5 Nd7 16. Rc3 Nc6 17. Rd3 Rfd8 18. Qc2 Nf8 19. Ne4 Rxd3 20. Qxd3 Rd8 21. Qc2 Nd4 22. Nxd4 Rxd4 23. Nd6 Bxg2 24. Kxg2 Ng6 25. f4 h5 26. Rd1 Rxd1 27. Qxd1 h4 28. Qf3 Qc7 29. Qe4 hxg3 30. hxg3 Ne7 31. Qa8+ 1-0

[Event "Savigliano 6th"]
[Site "Savigliano"]
[Date "2007.05.31"]
[Round "1"]
[White "Militello, Michele"]
[Black "Blundo, Michele"]
[Result "1/2-1/2"]
[WhiteElo "2020"]
[BlackElo "1742"]
[PlyCount "46"]
[EventDate "2007.05.31"]
[EventType "swiss"]
[EventRounds "6"]
[EventCountry "ITA"]
[SourceTitle "EXT 2009"]
[Source "ChessBase"]
[SourceDate "2008.11.26"]
[SourceVersion "1"]
[SourceVersionDate "2008.11.26"]
[SourceQuality "1"]

1. d4 Nf6 2. Nf3 d5 3. e3 e6 4. Bd3 Be7 5. Nbd2 b6 6. 0-0 0-0 7. Qe2 c5 8. c3 Nbd7 9. e4 dxe4 10. Nxe4 cxd4 11. cxd4 Bb7 12. Rd1 Re8 13. Nxf6+ Nxf6 14. Ne5 Qd5 15. Nf3 Qh5 16. Be3 Rac8 17. Rac1 Bd6 18. h3 Bxf3 19. Qxf3 Qxf3 20. gxf3 Nd5 21. Kf1 Bf4 22. Ke2 e5 23. Be4 Rxc1 1/2-1/2

[Event "Asti Alfieri Memorial 2nd"]
[Site "Asti"]
[Date "2007.03.25"]
[Round "5"]
[White "Blundo, Michele"]
[Black "Viglino, Antonio"]
[Result "1/2-1/2"]
[WhiteElo "1742"]
[BlackElo "1818"]
[PlyCount "56"]
[EventDate "2007.03.22"]
[EventType "swiss"]
[EventRounds "6"]
[EventCountry "ITA"]
[SourceTitle "EXT 2010"]
[Source "ChessBase"]
[SourceDate "2010.11.25"]
[SourceVersion "1"]
[SourceVersionDate "2010.11.25"]
[SourceQuality "1"]

1. d4 d5 2. c4 c6 3. Nf3 Nf6 4. Nc3 a6 5. e3 b5 6. c5 g6 7. a3 Bg7 8. Be2 Nbd7 9. b4 a5 10. Bb2 e5 11. dxe5 Ng4 12. Nd4 Ngxe5 13. 0-0 Qc7 14. f4 Nc4 15. Bxc4 bxc4 16. e4 dxe4 17. Nxe4 0-0 18. Nd6 Ba6 19. Bc3 axb4 20. axb4 Nf6 21. Nf3 Nd5 22. Bxg7 Kxg7 23. Qd4+ Kg8 24. Rae1 Nxb4 25. Qf6 Qd8 26. Qxd8 Raxd8 27. Re7 Nd5 28. Re4 Bb5 1/2-1/2